000 01023 a2200241 4500
999 _c6045
_d6045
020 _a0070445397
050 0 0 _aQA76.9 WHI 2001
100 1 _aWhitten, Jeffrey L.
_eauthor
245 1 0 _aSystems analysis and design methods /
_cJeffrey L. Whitten, Lonnie D. Bentley, Kevin C. Dittman.
250 _a5th ed.
264 _aNew Delhi :
_bTata McGraw-Hill,
_c2001.
300 _axx, 724 p. :
_bill.
500 _aIncludes index
504 _aIncludes bibliographical references
650 0 _aSystem design.
650 0 _aSystem analysis.
700 1 _aBentley, Lonnie D.
_eauthor
700 1 _aDittman, Kevin C.
_eauthor
856 4 2 _3Publisher description
_uhttp://www.loc.gov/catdir/enhancements/fy0610/00040694-d.html
856 4 1 _3Table of contents only
_uhttp://www.loc.gov/catdir/enhancements/fy0610/00040694-t.html
942 _2lcc
_cBK
_e5th ed.
_h76.9
_iWHI
_kQA